000 01637nam a2200349 i 4500
003 DO-SdBNP
005 20260216085318.0
007 ta
008 251014b2025 dr ||||| |||| 00| 0 spa d
040 _aDO-SdBNP
_bspa
_cBNPHU
_erda
041 _aspa
082 4 _a347.7293082
_bA773m
_222
100 _aArraya, Lucy
_4aut.
_980100
_eautor
245 1 0 _aMujeres en el camino del derecho /
_cLucy Margarita Arraya ; prólogo, Francisco Antonio Ortega Polanco ; coordinador, José Chez Checo.
264 4 _aSanto Domingo, República Dominicana :
_bUniversidad Nacional Pedro Henríquez Ureña,
_c©2025
300 _a65 páginas :
_bilustraciones ; retratos ;
_c22 cm
336 _atexto
_btxt
_2rdacontent
337 _asin mediación
_bn
_2rdamedia
338 _avolumen
_bnc
_2rdacarrier
500 _aIncluye datos biográficos de la autora en las solapas
504 _aBibliografía: páginas 61-63
505 _aPrólogo, 11 -- Liminar,15 -- A manera de introducción, 17 -- Mujeres en el camino del derecho, 21 -- En la formación del Derecho, 32 -- Junto a otras colegas, 37 -- En la senda del Derecho Comparado, 46 -- De las que avanzan en otros lares, 49 -- Hacia las Altas Cortes, 55 -- Reflexiones finales, 59 --
590 _aInventariado, 2025 / LP
650 4 _aAbogadas
_xHistoria
_zRepública Dominicana
_988695
650 4 _aJuezas
_xHistoria
_zRepública Dominicana
_988696
650 4 _aAbogadas
_xHistoria
_zAmérica
_988697
700 1 _aOrtega Polanco, Francisco
_eprologuista
_4pr.
_988693
700 1 _aCheco, José
_ecoordinador
_4coord.
_988694
900 _a
910 _aLP
942 _2ddc
_cLBS1
999 _c59948
_d59948